[Event "Premier"]
[Site "Hastings ENG"]
[Date "2000.01.05"]
[Round "2"]
[White "Sutovsky,E"]
[Black "Lalic,B"]
[Result "1/2-1/2"]
[WhiteElo "2597"]
[BlackElo "2548"]

1.e4 e5 2.Nf3 Nf6 3.d4 Nxe4 4.Bd3 Nc6 5.Nxe5 Nxe5 6.dxe5 d5 7.Bxe4 dxe4 8.Qxd8+ Kxd8
9.Nc3 Bb4 10.Bg5+ Ke8 11.O-O-O Bg4 12.Rd4 Bxc3 13.bxc3 h6 14.Be3 Bf5 15.Rhd1 Ke7
16.h3 Rhd8 17.g4 Rxd4 18.Rxd4 Be6 19.a3 h5 20.Rxe4 hxg4 21.hxg4 Kd7 22.Rd4+  1/2-1/2

[Event "Premier"]
[Site "Hastings ENG"]
[Date "2000.01.05"]
[Round "2"]
[White "Emms,J"]
[Black "Bischoff,K"]
[Result "0-1"]
[WhiteElo "2546"]
[BlackElo "2544"]

1.e4 c5 2.Nf3 e6 3.c3 Nf6 4.e5 Nd5 5.d4 cxd4 6.cxd4 d6 7.Bc4 Nb6 8.Bd3 Nc6
9.O-O Bd7 10.a3 d5 11.Nc3 a6 12.Bg5 Be7 13.Bxe7 Nxe7 14.Re1 Nbc8 15.Qd2 h6
16.h4 Na7 17.Qf4 Qb6 18.Rab1 Rc8 19.Re3 Nac6 20.Qg4 O-O 21.Ne2 Nf5 22.Bxf5 exf5
23.Qg3 Ne7 24.Nf4 Be6 25.Kh2 Rc2 26.b4 Rfc8 27.Ne1 R2c4 28.Nf3 Qb5 29.Nd3 b6
30.h5 Rc3 31.Nf4 Qa4 32.Ra1 Qb3 33.Ng1 Qb2 34.Rf1 Qxa3 35.Nge2 Rxe3 36.fxe3 Qxb4
37.Qh4 Re8 38.Rf3 Kh7 39.Rg3 Nc6 40.Rxg7+ Kxg7 41.Qf6+ Kg8 42.Ng6 Kh7 43.Nef4 Nd8
44.Nxe6 fxe6  0-1

[Event "Premier"]
[Site "Hastings ENG"]
[Date "2000.01.07"]
[Round "4"]
[White "Sokolov,I"]
[Black "Lalic,B"]
[Result "1/2-1/2"]
[WhiteElo "2637"]
[BlackElo "2548"]

1.d4 d5 2.c4 e6 3.Nc3 Be7 4.cxd5 exd5 5.Bf4 Nf6 6.e3 Bf5 7.Nge2 O-O 8.Ng3 Be6
9.Bd3 c5 10.dxc5 Bxc5 11.O-O Nc6 12.Rc1 d4 13.Nb5 Bb6 14.e4 Ng4 15.Nf5 Bxf5
16.exf5 Nge5 17.Be4 Re8 18.Qh5 a6 19.Na3 d3 20.Nc4 Nxc4 21.Rxc4 d2 22.f6 g6
23.Qh6 Qxf6 24.Bxd2 Nd4 25.Bg5 Qe6 26.Bd3 Nf5 27.Qh3 Nd6 28.Qxe6 Rxe6 29.Rc2 Ne4
30.Bxe4 Rxe4 31.Rd1 Rae8 32.Kf1 R4e6 33.h4 f6 34.Bf4 Kf7 35.g3 h5 36.a3 R8e7
37.Rdd2 Re4 38.Kg2 Rd4 39.Rxd4  1/2-1/2

[Event "Premier"]
[Site "Hastings ENG"]
[Date "2000.01.08"]
[Round "5"]
[White "Lalic,B"]
[Black "Chandler,M"]
[Result "0-1"]
[WhiteElo "2548"]
[BlackElo "2527"]

1.d4 Nf6 2.c4 e6 3.g3 d5 4.Nf3 dxc4 5.Bg2 a6 6.O-O Nc6 7.Nc3 Rb8 8.e4 Be7
9.Qe2 b5 10.Rd1 Nb4 11.Ne5 Nd7 12.b3 Nxe5 13.dxe5 Nd3 14.Be3 O-O 15.f4 Bb4
16.Qc2 Qe7 17.Ne2 a5 18.h4 Ba6 19.Kh2 Rfd8 20.Nd4 Qe8 21.bxc4 bxc4 22.Rab1 a4
23.Bf1 c5 24.Ne2 a3 25.Nc1 Nb2 26.Rd6 Bb5 27.Ne2 Ba4 28.Qc1 Nd1 29.Bd2 c3
30.Nxc3 Rxd6 31.exd6 Nxc3 32.Bxc3 Bxc3 33.Rxb8 Qxb8 34.Qxa3 Qb2+ 35.Qxb2 Bxb2
36.Bc4 Kf8 37.Kg2 Ke8 38.Kf3 Kd7 39.e5 Bc6+ 40.Ke3 Bd4+ 41.Ke2 f6  0-1

[Event "Premier"]
[Site "Hastings ENG"]
[Date "2000.01.11"]
[Round "8"]
[White "Chandler,M"]
[Black "Emms,J"]
[Result "1/2-1/2"]
[WhiteElo "2527"]
[BlackElo "2546"]

1.e4 c5 2.Nf3 e6 3.d4 cxd4 4.Nxd4 Nc6 5.c4 Nf6 6.Nc3 Bb4 7.Nxc6 bxc6 8.Bd3 e5
9.O-O O-O 10.Be3 Bxc3 11.bxc3 d6 12.h3 Be6 13.f4 exf4 14.Bxf4 Qb6+ 15.Kh1 Qc5
16.Bc2 Rad8 17.Rf3 Rfe8 18.Qd2 Qxc4 19.Bg5 Nxe4 20.Bxe4 Qxe4 21.Bxd8 Rxd8
22.Rd3 d5 23.Re1 Qh4 24.Rd4 Qe7 25.Qd3 Qa3 26.Qc2 Rb8 27.Ra4 Qc5 28.Qd2 Qe7
29.Qd4 Rb6 30.Qe5 h6 31.Re3 Kh7 32.Rg3 f6 33.Qe3 Qd7 34.Qc5 Bf5 35.Qa5 Rb7
36.Rb4 Be4 37.Rxb7 Qxb7 38.Qd8 c5 39.Qd6 c4 40.Kh2 a6 41.a3 a5 42.Kh1 a4
43.Kh2 Qf7 44.Re3 f5 45.Qe5 Qf8 46.Re2 Qxa3 47.Rxe4 fxe4 48.Qf5+ Kh8 49.Qc8+ Kh7
50.Qf5+ g6 51.Qf7+ Kh8 52.Qf6+ Kh7 53.Qf7+ Kh8 54.Qf6+ Kg8 55.Qxg6+ Kf8 56.Qxh6+ Ke7
57.Qg5+ Ke6 58.Qg6+ Kd7 59.Qf5+ Kc7 60.Qf7+ Kc8 61.Qe8+ Kc7  1/2-1/2